000 00416nam a22001697a 4500
999 _c3005
_d2962
008 180208b xxu||||| |||| 00| | tur d
020 _a9750701127
041 _atur
050 _aPL248.E58
100 _9935
_aEray, Nazlı
245 _aAşkı Giyinen Adam
250 _a1. basım
260 _aİstanbul:
_bCan Yayınları,
_c2001
300 _a274 Sayfa
650 0 _9145
_aTürk Edebiyatı
942 _2lcc
_cBK